00442nam a22001577a 450000500170000001000150001702000260003203500140005803700130007208200060008510000140009124500490010526000280015427000810018230000210026320170308125314.0 aENG-117437 a9789351950929c350.00 aEN-100969 bDBAD/PUB aN aRay arnab aSultan of Delhi :bAscension /cby Arnab ray aGurgaonbHachettec2016 a4th & 5th Floors, Corporate Centre, Plot No. 94,Sector44,bGurgaaon e122003 a291p. c20cm(hb}